000 00182nam a2200085Ia 4500
008 191206s9999 xx 000 0 und d
020 _a869222546
090 _aPN6519T37
245 0 _aIzaga
999 _c16276
_d16276